01530 a2200217 45000010006000000050017000060080041000230030015000640400040000790800029001192450054001480200018002022640051002203000019002715050821002909420007011115900036011181000031011549990015011859520112012005428920260407155814.0260407a1991 arg spa dAR-UNSa-BCEJYS aAR-UNSa-BCEJYSbspacAR-UNSa-BCEJYS a339.744xConvertibilidad10aConvertibilidad del australpestudios jurídicos a950-572-219-2 1aBuenos Aires :bVíctor P. de Zavalíac1991 a244 p.c23 cm. a1. La ley de convertibilidad: su incidencia en la registración inmobiliaria – 2. Repercusión de la ley 23.928 (convertibilidad del austral) en el derecho de familia y en el derecho sucesorio – 3. La ley 23.928 y los honorarios profesionales – 4. La ley de convertibilidad y contratación de locaciones en moneda extranjera – 5. Aproximación a algunos aspectos del régimen de la ley 23.928 (la llamada ley de convertibilidad) – 6. Ley de convertibilidad. Algunas consideraciones de naturaleza jurídica en el campo de los contratos administrativos – 7. Los alquileres pactados en moneda extranjera. Distinción con el dólar – 8. Incidencias de la ley de convertibilidad en la actividad notarial – 9. La ley de convertibilidad: determinación del precio y cláusulas de estabilización  cBK aniveau_biblio:m niveau_hierar:01 aMoisset de Espanés, Luis c5458d5458 00104070aBCEJYSbBCEJYSc16d2026-04-07l0o339.744 M714 v.4pL58860r2026-04-07 15:58:14w2026-04-07yL